000 00467cam a22001932a 4500
001 010686
003 AR-FADEU
008 311216n1961####xxu####################dd
092 _a839.316.4
_bH334
100 _aHartog, Jan de
245 _aEl camino en espiral
260 _aBuenos Aires
260 _bGuillermo Kraft
260 _c1961
300 _a476 p
440 _aVértice
650 _aLITERATURA-HOLANDA-SIGLO XX; LITERATURA-NOVELA
942 _cBDGR
999 _c16470
_d16470